NFL Last Ten Super Bowl Champions - Statistics

General Stats
  • This quiz has been taken 1,528 times
    208 since last reset
  • The average score is 18 of 20
Answer Stats
Answer % Correct
Seattle Seahawks
100%
Kansas City Chiefs
99%
New England Patriots
99%
Philadelphia Eagles
99%
Kansas City Chiefs
98%
Kansas City Chiefs
97%
Los Angeles Rams
93%
Philadelphia Eagles
93%
San Francisco 49ers
92%
Cincinnati Bengals
91%
New England Patriots
90%
Tampa Bay Buccaneers
90%
Kansas City Chiefs
88%
New England Patriots
88%
Kansas City Chiefs
86%
Los Angeles Rams
82%
Philadelphia Eagles
81%
San Francisco 49ers
81%
New England Patriots
80%
Atlanta Falcons
78%
No matching quizzes found
Score Distribution
Percent of People with Each Score
Percentile by Number Answered
Your Score History
You have not taken this quiz since the last reset